| 000 | 00849cam a2200265 i 4500 | ||
|---|---|---|---|
| 001 | 10389 | ||
| 003 | Mx-PuUPA | ||
| 005 | 20220716122429.0 | ||
| 008 | 140415s1993 sp a gr 000 0 spa d | ||
| 017 | _aM. 35.802-93 | ||
| 020 | _a8480550562 | ||
| 040 |
_aMx-PuUPA _bspa _cMx-PuUPA _dMx-PuUPA _erda |
||
| 041 | 0 | _aspa | |
| 245 | 0 | 0 |
_aAtlas de zoología : _bel mundo de los animales / _ccoordinador de textos, José Tola Alonso |
| 264 | 1 |
_aMadrid, España : _bCULTURAL, _c1993 |
|
| 300 |
_a112 páginas : _bilustraciones ; _c35 cm |
||
| 336 |
_2rdacontent _atexto _btxt |
||
| 337 |
_2rdamedia _asin medio _bn |
||
| 338 |
_2rdacarrier _avolumen _bnc |
||
| 650 | 1 | 7 |
_aZoología _vAtlas _2armarc |
| 700 | 1 |
_aTola Alonso, José, _ecoordinador _912889 |
|
| 942 |
_2ddc _cLI _h590 _iA885 |
||
| 999 |
_c10389 _d10389 |
||